A longitudinal comparison of the academic, affective, and personal characteristics of persisters and nonpersisters in teacher preparation (Record no. 72169)

MARC details
000 -CABECERA
campo de control de longitud fija 00761nam a2200241 a 4500
005 - FECHA Y HORA DE LA ÚLTIMA TRANSACCIÓN
campo de control 20210219153243.0
008 - ELEMENTOS DE LONGITUD FIJA--INFORMACIÓN GENERAL
campo de control de longitud fija 991125n 000 0 u
035 ## - NÚMERO DE CONTROL DEL SISTEMA
Número de control de sistema UPN01000086127
100 ## - ASIENTO PRINCIPAL--NOMBRE PERSONAL
Nombre de persona Pigge, Fred L.
222 ## - TÍTULO CLAVE
Título clave JOURNAL OF EXPERIMENTAL EDUCATION
245 ## - MENCIÓN DE TÍTULO
Título A longitudinal comparison of the academic, affective, and personal characteristics of persisters and nonpersisters in teacher preparation
300 ## - DESCRIPCIÓN FÍSICA
Extensión 19-26
362 ## - FECHAS DE PUBLICACIÓN Y/O DESIGNACIÓN SECUENCIAL
Fecha de publicación y/o designación secuencial 61, No. 1, 1992
505 ## - NOTA DE CONTENIDO CON FORMATO PREESTABLECIDO
Nota de contenido con formato Noviembre 1993
653 0# - TERMINO DE INDIZACION - NO CONTROLADO
Término no controlado CONDUCTA AFECTIVA
653 0# - TERMINO DE INDIZACION - NO CONTROLADO
Término no controlado ESTUDIANTES EN EL COLEGIO
653 0# - TERMINO DE INDIZACION - NO CONTROLADO
Término no controlado GUERRA ESTUDIANTIL
653 0# - TERMINO DE INDIZACION - NO CONTROLADO
Término no controlado PERSISTENCIA ACADEMICA
653 0# - TERMINO DE INDIZACION - NO CONTROLADO
Término no controlado PRINCIPIOS EDUCATIVOS
700 ## - ASIENTO SECUNDARIO--NOMBRE DE PERSONAL
Nombre de persona Marso, Ronald N.
904 ## - ELEMENTOS DE DATOS D LOCAL, LDD (RLIN)
a AC
b 023938
905 ## - TIPO DE MATERIAL
Tipo de material Articulo

No items available.